Sports Quiz

Random Sports or Soccer Quiz

Football League Cup Winners Quiz Stats

 Plays Quiz Updated Jun 3, 2021

     
Support Sporcle.
Go Orange.
Score 0/61 Timer 07:00
27 Plays Today
Year Winner % Correct
2020Manchester City
98.4%
2021Manchester City
98.4%
2019Manchester City
98.2%
1992Manchester United
98.1%
2006Manchester United
98.1%
2009Manchester United
98.1%
2018Manchester City
98%
2016Manchester City
97.5%
1965Chelsea
97.1%
1998Chelsea
97.1%
2005Chelsea
97.1%
2007Chelsea
97.1%
1981Liverpool
97%
1982Liverpool
97%
1983Liverpool
97%
1984Liverpool
97%
1995Liverpool
97%
2001Liverpool
97%
2003Liverpool
97%
2017Manchester United
96.9%
2012Liverpool
96.8%
2015Chelsea
96.7%
2014Manchester City
96.7%
1987Arsenal
96.3%
1993Arsenal
96.3%
1970Manchester City
93.1%
1976Manchester City
93.1%
1971Tottenham Hotspur
91.8%
1973Tottenham Hotspur
91.8%
1999Tottenham Hotspur
91.8%
2008Tottenham Hotspur
91.8%
Year Winner % Correct
1961Aston Villa
85.6%
1975Aston Villa
85.6%
1977Aston Villa
85.6%
1994Aston Villa
85.6%
1996Aston Villa
85.6%
1968Leeds United
77.6%
2013Swansea City
73.8%
1963Birmingham City
73.3%
2002Blackburn Rovers
71.8%
1978Nottingham Forest
70.7%
1979Nottingham Forest
70.7%
1989Nottingham Forest
70.7%
1990Nottingham Forest
70.7%
2010Manchester United
67.5%
1964Leicester City
66.1%
1997Leicester City
66.1%
2000Leicester City
66.1%
1974Wolverhampton Wanderers
64.4%
1980Wolverhampton Wanderers
64.4%
1966West Bromwich Albion
64.4%
2004Middlesbrough
62%
1962Norwich City
60.8%
1985Norwich City
60.8%
1991Sheffield Wednesday
60.2%
1972Stoke City
55.1%
1967Queens Park Rangers
53.2%
2011Birmingham City
49.5%
1988Luton Town
38.9%
1969Swindon Town
34.6%
1986Oxford Utd
34.2%

From the Vault

Beatles 150 Greatest Hits

by rockgolf

Music 20m
This year marks the 50th anniversary of The Beatles famous album, Sgt. Pepper. That calls for a celebration.
Remove Ads.
Support Sporcle.
Get the best of Sporcle when you Go Orange. This ad-free experience offers more features, more stats, and more fun while also helping to support Sporcle. Thank you for becoming a member.

Show Comments

Extras

Top Quizzes Today


Score Distribution

Your Account Isn't Verified!

In order to create a playlist on Sporcle, you need to verify the email address you used during registration. Go to your Sporcle Settings to finish the process.

Report this User

Report this user for behavior that violates our Community Guidelines.

Details: